Prueba de Irak - Estadísticas

Estadísticas generales
  • Esta prueba ha sido intentada 1.341 veces
  • La puntuación promedio es 11 de 21
Estadísticas de respuestas
Pista Respuesta % Correcto
Idiomas oficiales Árabe
93%
Capital Bagdad
91%
Irak libró una guerra sangrienta contra este país entre 1980 y 1988 Irán
88%
El golfo oceánico que bordea Irak Golfo {Pérsico}
83%
Dos ríos principales Éufrates
77%
País invadido por Irak en 1990 Kuwait
76%
Dos ríos principales Tigris
74%
El nombre antiguo de la región entre estos dos ríos Mesopotamia
72%
Dictador de Irak, 1979-2003 Sadam Huseín
56%
Antigua capital donde se encontraba el Gran Zigurat Babilonia
45%
Idiomas oficiales Kurdo
41%
Estos invasores extranjeros saquearon la capital en 1258 d.C., poniendo fin a la Era de Oro Islámica Mongoles
41%
Estas dos palabras, que significan "Dios es el más grande" están escritas en la bandera Allahu Akbar
40%
Rey de esa ciudad; su código de leyes llamaba a "ojo por ojo" Hammurabi
40%
Este patriarca bíblico nació en la ciudad de Ur Abraham
35%
Moneda de Irak Dinar
35%
Se dice que este legendario marinero de los siete mares vivía en Irak Simbad
33%
La ciudad más poblada del sur de Irak Basora
27%
"Califato" que operó en Irak en la década de 2010 pero que ahora está mayormente derrotado EIIL
21%
Partido político de la respuesta anterior Baaz
15%
Antigua prisión de EE.UU. donde se abusaba de los detenidos Abu Ghraib
11%
No se encontraron pruebas coincidentes
Distribución de puntuación
Porcentaje de gente con cada puntuación
Porcentaje por número respondido
Historial de tus puntuaciones
No has intentado esta prueba.